<?xml version="1.0" encoding="UTF-8"?>
<record
    xmlns:xsi="http://www.w3.org/2001/XMLSchema-instance"
    xsi:schemaLocation="http://www.loc.gov/MARC21/slim http://www.loc.gov/standards/marcxml/schema/MARC21slim.xsd"
    xmlns="http://www.loc.gov/MARC21/slim">

  <leader>00725nam a2200229Ia 4500</leader>
  <controlfield tag="005">20220216105326.0</controlfield>
  <controlfield tag="008">210716s2016    xx            000 0 und d</controlfield>
  <datafield tag="020" ind1=" " ind2=" ">
    <subfield code="a">9789351501817</subfield>
  </datafield>
  <datafield tag="040" ind1=" " ind2=" ">
    <subfield code="c">AIMIT LIBRARY</subfield>
  </datafield>
  <datafield tag="041" ind1=" " ind2=" ">
    <subfield code="a">eng</subfield>
  </datafield>
  <datafield tag="082" ind1=" " ind2=" ">
    <subfield code="a">519.5 </subfield>
    <subfield code="2">1st</subfield>
    <subfield code="b">MOHB</subfield>
  </datafield>
  <datafield tag="100" ind1=" " ind2=" ">
    <subfield code="a">Mohanty, Banamali.</subfield>
    <subfield code="9">20143</subfield>
  </datafield>
  <datafield tag="245" ind1=" " ind2=" ">
    <subfield code="a">Statistics for behavioural and social sciences /</subfield>
    <subfield code="c">By Banamali Mohanty; Misra, Santa.</subfield>
  </datafield>
  <datafield tag="250" ind1=" " ind2=" ">
    <subfield code="a">1st ed.</subfield>
  </datafield>
  <datafield tag="260" ind1=" " ind2=" ">
    <subfield code="a">New Delhi :</subfield>
    <subfield code="b">Sage Publications ;</subfield>
    <subfield code="c">2016.</subfield>
  </datafield>
  <datafield tag="300" ind1=" " ind2=" ">
    <subfield code="a">xviii,895,I-14 p. ;</subfield>
    <subfield code="c">23.5 cm.</subfield>
  </datafield>
  <datafield tag="650" ind1=" " ind2=" ">
    <subfield code="a">Testing of hypothesis</subfield>
    <subfield code="9">20144</subfield>
  </datafield>
  <datafield tag="650" ind1=" " ind2=" ">
    <subfield code="a">Correlation</subfield>
    <subfield code="9">20145</subfield>
  </datafield>
  <datafield tag="650" ind1=" " ind2=" ">
    <subfield code="a">Analysis of variance </subfield>
    <subfield code="9">20146</subfield>
  </datafield>
  <datafield tag="700" ind1=" " ind2=" ">
    <subfield code="a">Misra, Santa.</subfield>
    <subfield code="9">20147</subfield>
  </datafield>
  <datafield tag="942" ind1=" " ind2=" ">
    <subfield code="2">ddc</subfield>
    <subfield code="c">BK</subfield>
    <subfield code="e">1st</subfield>
    <subfield code="k">519.5 MOHB</subfield>
  </datafield>
  <datafield tag="999" ind1=" " ind2=" ">
    <subfield code="c">211299</subfield>
    <subfield code="d">211299</subfield>
  </datafield>
  <datafield tag="952" ind1=" " ind2=" ">
    <subfield code="0">0</subfield>
    <subfield code="1">0</subfield>
    <subfield code="2">ddc</subfield>
    <subfield code="4">0</subfield>
    <subfield code="7">0</subfield>
    <subfield code="8">MBA</subfield>
    <subfield code="a">AIMIT</subfield>
    <subfield code="b">AIMIT</subfield>
    <subfield code="d">2019-10-09</subfield>
    <subfield code="g">700.00</subfield>
    <subfield code="i">Bill no:RTPL/AIMIT/225; Bill dt:</subfield>
    <subfield code="l">0</subfield>
    <subfield code="o">519.5 MOHB</subfield>
    <subfield code="p">MBA13867</subfield>
    <subfield code="r">2025-07-21 00:00:00</subfield>
    <subfield code="v">560.00</subfield>
    <subfield code="w">2021-07-16</subfield>
    <subfield code="y">BK</subfield>
  </datafield>
  <datafield tag="952" ind1=" " ind2=" ">
    <subfield code="0">0</subfield>
    <subfield code="1">0</subfield>
    <subfield code="2">ddc</subfield>
    <subfield code="4">0</subfield>
    <subfield code="7">0</subfield>
    <subfield code="8">MBA</subfield>
    <subfield code="a">AIMIT</subfield>
    <subfield code="b">AIMIT</subfield>
    <subfield code="d">2019-10-09</subfield>
    <subfield code="g">700.00</subfield>
    <subfield code="i">Bill no:RTPL/AIMIT/225; Bill dt:</subfield>
    <subfield code="l">0</subfield>
    <subfield code="o">519.5 MOHB</subfield>
    <subfield code="p">MBA13868</subfield>
    <subfield code="r">2025-07-21 00:00:00</subfield>
    <subfield code="v">560.00</subfield>
    <subfield code="w">2021-07-16</subfield>
    <subfield code="y">BK</subfield>
  </datafield>
  <datafield tag="952" ind1=" " ind2=" ">
    <subfield code="0">0</subfield>
    <subfield code="1">0</subfield>
    <subfield code="2">ddc</subfield>
    <subfield code="4">0</subfield>
    <subfield code="7">0</subfield>
    <subfield code="8">MBA</subfield>
    <subfield code="a">AIMIT</subfield>
    <subfield code="b">AIMIT</subfield>
    <subfield code="d">2019-10-09</subfield>
    <subfield code="g">700.00</subfield>
    <subfield code="i">Bill no:RTPL/AIMIT/225; Bill dt:</subfield>
    <subfield code="l">0</subfield>
    <subfield code="o">519.5 MOHB</subfield>
    <subfield code="p">MBA13869</subfield>
    <subfield code="r">2025-07-21 00:00:00</subfield>
    <subfield code="v">560.00</subfield>
    <subfield code="w">2021-07-16</subfield>
    <subfield code="y">BK</subfield>
  </datafield>
  <datafield tag="952" ind1=" " ind2=" ">
    <subfield code="0">0</subfield>
    <subfield code="1">0</subfield>
    <subfield code="2">ddc</subfield>
    <subfield code="4">0</subfield>
    <subfield code="7">0</subfield>
    <subfield code="8">MBA</subfield>
    <subfield code="a">AIMIT</subfield>
    <subfield code="b">AIMIT</subfield>
    <subfield code="d">2019-10-09</subfield>
    <subfield code="g">700.00</subfield>
    <subfield code="i">Bill no:RTPL/AIMIT/225; Bill dt:</subfield>
    <subfield code="l">0</subfield>
    <subfield code="o">519.5 MOHB</subfield>
    <subfield code="p">MBA13870</subfield>
    <subfield code="r">2025-07-21 00:00:00</subfield>
    <subfield code="v">560.00</subfield>
    <subfield code="w">2021-07-16</subfield>
    <subfield code="y">BK</subfield>
  </datafield>
  <datafield tag="952" ind1=" " ind2=" ">
    <subfield code="0">0</subfield>
    <subfield code="1">0</subfield>
    <subfield code="2">ddc</subfield>
    <subfield code="4">0</subfield>
    <subfield code="7">0</subfield>
    <subfield code="8">MBA</subfield>
    <subfield code="a">AIMIT</subfield>
    <subfield code="b">AIMIT</subfield>
    <subfield code="d">2019-10-09</subfield>
    <subfield code="g">700.00</subfield>
    <subfield code="i">Bill no:RTPL/AIMIT/225; Bill dt:</subfield>
    <subfield code="l">0</subfield>
    <subfield code="o">519.5 MOHB</subfield>
    <subfield code="p">MBA13871</subfield>
    <subfield code="r">2025-07-21 00:00:00</subfield>
    <subfield code="v">560.00</subfield>
    <subfield code="w">2021-07-16</subfield>
    <subfield code="y">BK</subfield>
  </datafield>
</record>
